[Event "DEM U18 2025"]
[Site "Willingen GER"]
[Date "2025.06.12"]
[Round "7"]
[White "Stützer, Kiran"]
[Black "Petzold, Johannes Julius"]
[Result "1/2-1/2"]
[Termination "normal"]
[Board "12"]
[WhiteElo "1869"]
[BlackElo "1986"]
[WhiteClock "00:11:23"]
[BlackClock "00:05:54"]
[PlyCount "162"]
[WhiteFideId "34665374"]
[BlackFideId "16289455"]
[EventCountry "GER"]
[EventRounds "9"]
[EventType "swiss"]
[EventDate "2025.06.07"]

1. d4 {[%clk 01:30:57]} {[%emt 00:00:03]} Nf6 {[%clk 01:30:50]} {[%emt
00:00:10]} 2. c4 {[%clk 01:31:22]} {[%emt 00:00:05]} g6 {[%clk 01:31:15]}
{[%emt 00:00:05]} 3. Nc3 {[%clk 01:31:47]} {[%emt 00:00:05]} Bg7 {[%clk
01:31:42]} {[%emt 00:00:04]} 4. e4 {[%clk 01:32:11]} {[%emt 00:00:05]} d6
{[%clk 01:32:05]} {[%emt 00:00:08]} 5. Be2 {[%clk 01:32:28]} {[%emt 00:00:13]}
O-O {[%clk 01:32:25]} {[%emt 00:00:10]} 6. Bg5 {[%clk 01:32:53]} {[%emt
00:00:04]} Nbd7 {[%clk 01:31:27]} {[%emt 00:01:30]} 7. h4 {[%clk 01:32:26]}
{[%emt 00:00:54]} c5 {[%clk 01:20:33]} {[%emt 00:11:25]} 8. dxc5 {[%clk
01:29:09]} {[%emt 00:03:48]} Nxc5 {[%clk 01:13:51]} {[%emt 00:07:12]} 9. f3
{[%clk 01:28:55]} {[%emt 00:00:44]} Qb6 {[%clk 01:13:05]} {[%emt 00:01:16]} 10.
Qd2 {[%clk 01:25:29]} {[%emt 00:03:56]} Be6 {[%clk 01:08:26]} {[%emt 00:05:09]}
11. Nh3 {[%clk 01:21:34]} {[%emt 00:04:24]} Rac8 {[%clk 01:00:48]} {[%emt
00:08:09]} 12. Nf4 {[%clk 01:18:21]} {[%emt 00:03:42]} Qa5 {[%clk 01:00:13]}
{[%emt 00:01:06]} 13. Rb1 {[%clk 01:14:27]} {[%emt 00:04:23]} Ncd7 {[%clk
00:56:47]} {[%emt 00:03:55]} 14. b4 {[%clk 01:11:35]} {[%emt 00:03:23]} Qe5
{[%clk 00:50:27]} {[%emt 00:06:50]} 15. Nxe6 {[%clk 00:43:27]} {[%emt
00:28:38]} Qxe6 {[%clk 00:50:43]} {[%emt 00:00:15]} 16. Nd5 {[%clk 00:36:48]}
{[%emt 00:07:09]} Ne5 {[%clk 00:46:30]} {[%emt 00:04:43]} 17. Rc1 {[%clk
00:35:33]} {[%emt 00:01:44]} Nxd5 {[%clk 00:36:35]} {[%emt 00:10:26]} 18. Qxd5
{[%clk 00:35:04]} {[%emt 00:00:59]} Qxd5 {[%clk 00:34:35]} {[%emt 00:02:30]}
19. exd5 {[%clk 00:34:41]} {[%emt 00:00:53]} Rc7 {[%clk 00:25:43]} {[%emt
00:09:22]} 20. c5 {[%clk 00:22:09]} {[%emt 00:13:02]} Rfc8 {[%clk 00:03:45]}
{[%emt 00:22:28]} 21. f4 {[%clk 00:12:25]} {[%emt 00:10:13]} Nd7 {[%clk
00:03:59]} {[%emt 00:00:17]} 22. Bxe7 {[%clk 00:10:41]} {[%emt 00:02:14]} Nxc5
{[%clk 00:04:07]} {[%emt 00:00:22]} 23. Rxc5 {[%clk 00:07:43]} {[%emt
00:03:28]} dxc5 {[%clk 00:02:51]} {[%emt 00:01:47]} 24. d6 {[%clk 00:08:01]}
{[%emt 00:00:11]} Rxe7 {[%clk 00:01:06]} {[%emt 00:02:15]} 25. dxe7 {[%clk
00:08:15]} {[%emt 00:00:16]} Re8 {[%clk 00:00:59]} {[%emt 00:00:37]} 26. bxc5
{[%clk 00:07:22]} {[%emt 00:01:23]} Bd4 {[%clk 00:01:06]} {[%emt 00:00:22]} 27.
h5 {[%clk 00:05:17]} {[%emt 00:02:35]} Rxe7 {[%clk 00:01:00]} {[%emt 00:00:36]}
28. c6 {[%clk 00:04:51]} {[%emt 00:00:56]} bxc6 {[%clk 00:01:21]} {[%emt
00:00:09]} 29. Kd1 {[%clk 00:04:17]} {[%emt 00:01:04]} Rb7 {[%clk 00:01:16]}
{[%emt 00:00:35]} 30. Bd3 {[%clk 00:03:28]} {[%emt 00:01:19]} Rb2 {[%clk
00:01:14]} {[%emt 00:00:33]} 31. hxg6 {[%clk 00:03:05]} {[%emt 00:00:52]} hxg6
{[%clk 00:01:39]} {[%emt 00:00:06]} 32. Rh3 {[%clk 00:02:49]} {[%emt 00:00:45]}
Rxa2 {[%clk 00:01:19]} {[%emt 00:00:51]} 33. Rg3 {[%clk 00:03:12]} {[%emt
00:00:06]} Kf8 {[%clk 00:00:46]} {[%emt 00:01:03]} 34. f5 {[%clk 00:03:05]}
{[%emt 00:00:38]} gxf5 {[%clk 00:01:09]} {[%emt 00:00:06]} 35. Bxf5 {[%clk
00:03:17]} {[%emt 00:00:19]} a5 {[%clk 00:01:20]} {[%emt 00:00:19]} 36. Be4
{[%clk 00:03:16]} {[%emt 00:00:30]} c5 {[%clk 00:01:00]} {[%emt 00:00:51]} 37.
Bd5 {[%clk 00:03:32]} {[%emt 00:00:14]} Rb2 {[%clk 00:00:54]} {[%emt 00:00:35]}
38. Rb3 {[%clk 00:02:38]} {[%emt 00:01:24]} Rf2 {[%clk 00:00:36]} {[%emt
00:00:49]} 39. Rf3 {[%clk 00:02:48]} {[%emt 00:00:19]} Rxf3 {[%clk 00:00:45]}
{[%emt 00:00:22]} 40. gxf3 {[%clk 00:02:49]} {[%emt 00:00:28]} f6 {[%clk
00:00:37]} {[%emt 00:00:38]} 41. Bb3 {[%clk 00:02:03]} {[%emt 00:01:16]} Bc3
{[%clk 00:28:00]} {[%emt 00:03:07]} 42. Kc2 {[%clk 00:24:29]} {[%emt 00:08:04]}
Bb4 {[%clk 00:28:26]} {[%emt 00:00:05]} 43. Bd5 {[%clk 00:19:57]} {[%emt
00:05:01]} a4 {[%clk 00:25:06]} {[%emt 00:03:51]} 44. Bc6 {[%clk 00:17:03]}
{[%emt 00:03:24]} a3 {[%clk 00:25:32]} {[%emt 00:00:04]} 45. Bd5 {[%clk
00:13:39]} {[%emt 00:03:54]} Ke7 {[%clk 00:25:54]} {[%emt 00:00:07]} 46. Kd3
{[%clk 00:12:59]} {[%emt 00:01:10]} Kd6 {[%clk 00:26:04]} {[%emt 00:00:21]} 47.
Bc4 {[%clk 00:13:04]} {[%emt 00:00:24]} Ke5 {[%clk 00:25:48]} {[%emt 00:00:45]}
48. Ke3 {[%clk 00:12:57]} {[%emt 00:00:38]} Kf5 {[%clk 00:18:01]} {[%emt
00:08:18]} 49. Bd5 {[%clk 00:11:22]} {[%emt 00:02:05]} Bc3 {[%clk 00:11:46]}
{[%emt 00:06:45]} 50. Bg8 {[%clk 00:10:28]} {[%emt 00:01:23]} Bd4+ {[%clk
00:11:13]} {[%emt 00:01:03]} 51. Kd3 {[%clk 00:10:21]} {[%emt 00:00:37]} Kf4
{[%clk 00:11:18]} {[%emt 00:00:25]} 52. Ke2 {[%clk 00:10:44]} {[%emt 00:00:07]}
Bc3 {[%clk 00:09:13]} {[%emt 00:02:36]} 53. Bf7 {[%clk 00:10:16]} {[%emt
00:00:57]} Bb4 {[%clk 00:09:18]} {[%emt 00:00:25]} 54. Bg8 {[%clk 00:10:24]}
{[%emt 00:00:22]} Ke5 {[%clk 00:06:39]} {[%emt 00:03:09]} 55. Kd3 {[%clk
00:10:44]} {[%emt 00:00:09]} Kd6 {[%clk 00:06:29]} {[%emt 00:00:40]} 56. Kc2
{[%clk 00:10:53]} {[%emt 00:00:21]} Kc7 {[%clk 00:05:47]} {[%emt 00:01:12]} 57.
Bf7 {[%clk 00:11:00]} {[%emt 00:00:24]} Kb6 {[%clk 00:05:27]} {[%emt 00:00:50]}
58. Kb3 {[%clk 00:10:50]} {[%emt 00:00:40]} Kb5 {[%clk 00:05:19]} {[%emt
00:00:39]} 59. Bc4+ {[%clk 00:10:47]} {[%emt 00:00:31]} Kc6 {[%clk 00:05:43]}
{[%emt 00:00:07]} 60. Bg8 {[%clk 00:10:27]} {[%emt 00:00:50]} Kd6 {[%clk
00:05:44]} {[%emt 00:00:30]} 61. Kc2 {[%clk 00:10:45]} {[%emt 00:00:11]} Ke5
{[%clk 00:04:41]} {[%emt 00:01:33]} 62. Kd3 {[%clk 00:11:06]} {[%emt 00:00:08]}
Kf4 {[%clk 00:04:35]} {[%emt 00:00:37]} 63. Ke2 {[%clk 00:11:28]} {[%emt
00:00:08]} Kf5 {[%clk 00:03:14]} {[%emt 00:01:52]} 64. Bf7 {[%clk 00:11:40]}
{[%emt 00:00:17]} Ke5 {[%clk 00:03:27]} {[%emt 00:00:18]} 65. Kd3 {[%clk
00:12:00]} {[%emt 00:00:09]} f5 {[%clk 00:03:51]} {[%emt 00:00:07]} 66. Bg8
{[%clk 00:11:52]} {[%emt 00:00:37]} Kf6 {[%clk 00:04:07]} {[%emt 00:00:13]} 67.
Bd5 {[%clk 00:11:43]} {[%emt 00:00:39]} Kg5 {[%clk 00:04:22]} {[%emt 00:00:16]}
68. Bg8 {[%clk 00:11:40]} {[%emt 00:00:33]} Kf4 {[%clk 00:03:31]} {[%emt
00:01:21]} 69. Ke2 {[%clk 00:09:54]} {[%emt 00:02:16]} Kg5 {[%clk 00:03:57]}
{[%emt 00:00:04]} 70. Kd3 {[%clk 00:09:58]} {[%emt 00:00:26]} Kg6 {[%clk
00:04:06]} {[%emt 00:00:22]} 71. Bd5 {[%clk 00:10:04]} {[%emt 00:00:23]} Kg7
{[%clk 00:04:16]} {[%emt 00:00:19]} 72. Bc4 {[%clk 00:10:11]} {[%emt 00:00:23]}
Kf6 {[%clk 00:03:30]} {[%emt 00:01:18]} 73. Bg8 {[%clk 00:10:27]} {[%emt
00:00:12]} Ke5 {[%clk 00:03:52]} {[%emt 00:00:09]} 74. Bf7 {[%clk 00:10:37]}
{[%emt 00:00:20]} Kd6 {[%clk 00:04:11]} {[%emt 00:00:10]} 75. Kc2 {[%clk
00:10:47]} {[%emt 00:00:20]} Kc6 {[%clk 00:04:06]} {[%emt 00:00:35]} 76. Kb3
{[%clk 00:10:33]} {[%emt 00:00:45]} a2 {[%clk 00:03:54]} {[%emt 00:00:43]} 77.
Kxa2 {[%clk 00:10:49]} {[%emt 00:00:14]} Kd6 {[%clk 00:04:21]} {[%emt
00:00:02]} 78. Kb3 {[%clk 00:10:49]} {[%emt 00:00:29]} Ke5 {[%clk 00:04:48]}
{[%emt 00:00:04]} 79. Kc4 {[%clk 00:10:57]} {[%emt 00:00:23]} Kf4 {[%clk
00:05:09]} {[%emt 00:00:09]} 80. Bd5 {[%clk 00:11:12]} {[%emt 00:00:13]} Ke3
{[%clk 00:05:28]} {[%emt 00:00:12]} 81. Bc6 {[%clk 00:11:23]} {[%emt 00:00:18]}
f4 {[%clk 00:05:54]} {[%emt 00:00:05]} 1/2-1/2

[Event "DEM U18 2025"]
[Site "Willingen GER"]
[Date "2025.06.12"]
[Round "7"]
[White "Hanmuradov, Ülwi"]
[Black "Cilo, Selimhan"]
[Result "1-0"]
[Termination "normal"]
[Board "13"]
[WhiteElo "1790"]
[BlackElo "2164"]
[WhiteClock "00:05:50"]
[BlackClock "00:00:34"]
[PlyCount "63"]
[WhiteFideId "34658840"]
[BlackFideId "16246756"]
[EventCountry "GER"]
[EventRounds "9"]
[EventType "swiss"]
[EventDate "2025.06.07"]

1. d4 {[%clk 01:30:56]} {[%emt 00:00:04]} d5 {[%clk 01:30:43]} {[%emt
00:00:16]} 2. c4 {[%clk 01:31:11]} {[%emt 00:00:16]} e6 {[%clk 01:30:59]}
{[%emt 00:00:14]} 3. Nf3 {[%clk 01:31:19]} {[%emt 00:00:22]} Nf6 {[%clk
01:31:16]} {[%emt 00:00:13]} 4. Nc3 {[%clk 01:31:32]} {[%emt 00:00:17]} Ne4
{[%clk 01:31:25]} {[%emt 00:00:21]} 5. Qc2 {[%clk 01:30:45]} {[%emt 00:01:17]}
Nxc3 {[%clk 01:31:42]} {[%emt 00:00:14]} 6. Qxc3 {[%clk 01:30:44]} {[%emt
00:00:30]} a5 {[%clk 01:31:55]} {[%emt 00:00:17]} 7. Qc2 {[%clk 01:27:36]}
{[%emt 00:03:38]} dxc4 {[%clk 01:28:44]} {[%emt 00:03:41]} 8. Qxc4 {[%clk
01:19:32]} {[%emt 00:08:33]} Nc6 {[%clk 01:24:09]} {[%emt 00:05:05]} 9. e3
{[%clk 01:15:55]} {[%emt 00:04:07]} Be7 {[%clk 01:22:22]} {[%emt 00:02:17]} 10.
Be2 {[%clk 01:15:03]} {[%emt 00:01:23]} O-O {[%clk 01:19:08]} {[%emt 00:03:41]}
11. O-O {[%clk 01:14:34]} {[%emt 00:01:03]} Bd7 {[%clk 00:56:45]} {[%emt
00:22:52]} 12. Rd1 {[%clk 01:05:03]} {[%emt 00:10:00]} Nb4 {[%clk 00:49:03]}
{[%emt 00:08:13]} 13. e4 {[%clk 00:56:00]} {[%emt 00:09:33]} b5 {[%clk
00:38:16]} {[%emt 00:11:17]} 14. Qc3 {[%clk 00:51:06]} {[%emt 00:05:25]} Qc8
{[%clk 00:32:07]} {[%emt 00:06:37]} 15. Bf4 {[%clk 00:41:42]} {[%emt 00:09:54]}
Na6 {[%clk 00:31:12]} {[%emt 00:01:25]} 16. Rac1 {[%clk 00:37:07]} {[%emt
00:05:05]} Qb7 {[%clk 00:28:50]} {[%emt 00:02:53]} 17. Qe3 {[%clk 00:33:05]}
{[%emt 00:04:31]} Rfd8 {[%clk 00:28:18]} {[%emt 00:01:03]} 18. Ne5 {[%clk
00:28:14]} {[%emt 00:05:21]} Be8 {[%clk 00:28:17]} {[%emt 00:00:31]} 19. Bf3
{[%clk 00:26:37]} {[%emt 00:02:07]} Qb6 {[%clk 00:23:02]} {[%emt 00:05:45]} 20.
d5 {[%clk 00:20:59]} {[%emt 00:06:07]} Bc5 {[%clk 00:21:23]} {[%emt 00:02:09]}
21. Qe2 {[%clk 00:21:20]} {[%emt 00:00:10]} a4 {[%clk 00:17:31]} {[%emt
00:04:23]} 22. Nd3 {[%clk 00:18:14]} {[%emt 00:03:35]} Be7 {[%clk 00:14:15]}
{[%emt 00:03:45]} 23. Be3 {[%clk 00:17:11]} {[%emt 00:01:34]} Qa5 {[%clk
00:13:54]} {[%emt 00:00:50]} 24. Nc5 {[%clk 00:15:45]} {[%emt 00:01:56]} Bxc5
{[%clk 00:12:20]} {[%emt 00:02:04]} 25. Bxc5 {[%clk 00:15:58]} {[%emt
00:00:18]} Nxc5 {[%clk 00:11:39]} {[%emt 00:01:11]} 26. Rxc5 {[%clk 00:16:20]}
{[%emt 00:00:08]} e5 {[%clk 00:11:02]} {[%emt 00:01:08]} 27. Rdc1 {[%clk
00:16:20]} {[%emt 00:00:30]} Ra7 {[%clk 00:02:47]} {[%emt 00:08:45]} 28. Bg4
{[%clk 00:11:46]} {[%emt 00:05:03]} Rda8 {[%clk 00:01:15]} {[%emt 00:02:02]}
29. Qc2 {[%clk 00:10:02]} {[%emt 00:02:13]} Qb4 {[%clk 00:01:31]} {[%emt
00:00:14]} 30. a3 {[%clk 00:08:58]} {[%emt 00:01:34]} Qb3 {[%clk 00:00:36]}
{[%emt 00:01:26]} 31. Qb1 {[%clk 00:05:34]} {[%emt 00:03:54]} b4 {[%clk
00:00:34]} {[%emt 00:00:32]} 32. Bd1 {[%clk 00:05:50]} {[%emt 00:00:14]} 1-0

[Event "DEM U18 2025"]
[Site "Willingen GER"]
[Date "2025.06.12"]
[Round "7"]
[White "Eitel, Luc"]
[Black "Isbilir, Levin"]
[Result "0-1"]
[Termination "normal"]
[Board "14"]
[WhiteElo "1935"]
[BlackElo "2118"]
[WhiteClock "00:06:33"]
[BlackClock "00:05:24"]
[PlyCount "64"]
[WhiteFideId "16299728"]
[BlackFideId "16267192"]
[EventCountry "GER"]
[EventRounds "9"]
[EventType "swiss"]
[EventDate "2025.06.07"]

1. e4 {[%clk 01:30:41]} {[%emt 00:00:18]} c5 {[%clk 01:30:55]} {[%emt
00:00:07]} 2. Nf3 {[%clk 01:30:52]} {[%emt 00:00:18]} d6 {[%clk 01:31:18]}
{[%emt 00:00:08]} 3. Bb5+ {[%clk 01:30:51]} {[%emt 00:00:31]} Bd7 {[%clk
01:31:32]} {[%emt 00:00:16]} 4. c4 {[%clk 01:30:33]} {[%emt 00:00:48]} Nf6
{[%clk 01:31:46]} {[%emt 00:00:16]} 5. Nc3 {[%clk 01:30:53]} {[%emt 00:00:10]}
g6 {[%clk 01:32:08]} {[%emt 00:00:07]} 6. O-O {[%clk 01:29:52]} {[%emt
00:01:31]} Bg7 {[%clk 01:32:04]} {[%emt 00:00:34]} 7. d4 {[%clk 01:28:44]}
{[%emt 00:01:38]} cxd4 {[%clk 01:32:24]} {[%emt 00:00:10]} 8. Nxd4 {[%clk
01:27:37]} {[%emt 00:01:38]} Nc6 {[%clk 01:32:18]} {[%emt 00:00:36]} 9. Bxc6
{[%clk 01:27:04]} {[%emt 00:01:02]} bxc6 {[%clk 01:31:57]} {[%emt 00:00:50]}
10. Qe2 {[%clk 01:23:41]} {[%emt 00:03:53]} O-O {[%clk 01:29:06]} {[%emt
00:03:23]} 11. c5 {[%clk 01:18:23]} {[%emt 00:05:47]} e5 {[%clk 00:36:49]}
{[%emt 00:52:46]} 12. Nb3 {[%clk 01:15:54]} {[%emt 00:03:00]} d5 {[%clk
00:37:04]} {[%emt 00:00:15]} 13. exd5 {[%clk 01:15:19]} {[%emt 00:01:05]} Nxd5
{[%clk 00:37:16]} {[%emt 00:00:18]} 14. Ne4 {[%clk 01:11:45]} {[%emt 00:04:05]}
a5 {[%clk 00:34:24]} {[%emt 00:03:22]} 15. Be3 {[%clk 01:02:48]} {[%emt
00:09:26]} a4 {[%clk 00:32:22]} {[%emt 00:02:33]} 16. Nbd2 {[%clk 01:01:18]}
{[%emt 00:02:00]} f5 {[%clk 00:31:11]} {[%emt 00:01:41]} 17. Bg5 {[%clk
01:01:20]} {[%emt 00:00:27]} Qb8 {[%clk 00:28:46]} {[%emt 00:02:55]} 18. Nc3
{[%clk 00:57:12]} {[%emt 00:04:38]} Qxb2 {[%clk 00:21:54]} {[%emt 00:07:23]}
19. Nxd5 {[%clk 00:57:10]} {[%emt 00:00:32]} cxd5 {[%clk 00:22:19]} {[%emt
00:00:05]} 20. Rfb1 {[%clk 00:56:29]} {[%emt 00:01:10]} Qa3 {[%clk 00:20:49]}
{[%emt 00:02:00]} 21. Rb7 {[%clk 00:50:57]} {[%emt 00:06:02]} Rf7 {[%clk
00:20:36]} {[%emt 00:00:43]} 22. Nc4 {[%clk 00:42:57]} {[%emt 00:08:31]} Qxc5
{[%clk 00:16:26]} {[%emt 00:04:40]} 23. Nxe5 {[%clk 00:41:43]} {[%emt
00:01:45]} Re8 {[%clk 00:12:08]} {[%emt 00:04:47]} 24. Rc1 {[%clk 00:32:18]}
{[%emt 00:09:54]} Rxe5 {[%clk 00:12:21]} {[%emt 00:00:18]} 25. Qd2 {[%clk
00:19:53]} {[%emt 00:12:54]} Qf8 {[%clk 00:12:34]} {[%emt 00:00:18]} 26. Rcc7
{[%clk 00:19:16]} {[%emt 00:01:06]} Be8 {[%clk 00:11:38]} {[%emt 00:01:27]} 27.
f4 {[%clk 00:16:39]} {[%emt 00:03:07]} Rxc7 {[%clk 00:11:21]} {[%emt 00:00:46]}
28. Rxc7 {[%clk 00:17:04]} {[%emt 00:00:05]} Re4 {[%clk 00:08:52]} {[%emt
00:03:00]} 29. Qxd5+ {[%clk 00:14:30]} {[%emt 00:03:02]} Bf7 {[%clk 00:08:07]}
{[%emt 00:01:16]} 30. Qb7 {[%clk 00:14:29]} {[%emt 00:00:29]} Bd4+ {[%clk
00:06:27]} {[%emt 00:02:12]} 31. Kf1 {[%clk 00:14:31]} {[%emt 00:00:28]} Qe8
{[%clk 00:05:03]} {[%emt 00:01:53]} 32. Qc8 {[%clk 00:06:33]} {[%emt 00:08:28]}
Re1# {[%clk 00:05:24]} {[%emt 00:00:10]} 0-1